Der Neue Don Quixote (Record no. 3193)

MARC details
000 -CABECERA
campo de control de longitud fija 01024nam a2200277 a 4500
001 - NÚMERO DE CONTROL
campo de control BRCA_3457
005 - FECHA Y HORA DE LA ÚLTIMA TRANSACCIÓN
campo de control 20190320204307.0
041 ## - CÓDIGO DE LENGUA
Código de lengua del texto/banda sonora o título independiente ger
044 ## - CÓDIGO DEL PAÍS DE LA ENTIDAD EDITORA/PRODUCTORA
Código MARC del país gw
084 ## - OTRO NÚMERO DE CLASIFICACIÓN
Número de clasificación 746
Número de documento/Ítem .H33
-- 1858
100 1# - ENTRADA PRINCIPAL--NOMBRE DE PERSONA
Nombre de persona Hackländer, Friedrich Wilhelm
9 (RLIN) 9033
245 10 - MENCIÓN DE TÍTULO
Título Der Neue Don Quixote
Mención de responsabilidad, etc. Friedrich Wilhelm Hackländer.
260 ## - PUBLICACIÓN, DISTRIBUCIÓN, ETC.
Lugar de publicación, distribución, etc. Stuttgart
Nombre del editor, distribuidor, etc. Adolph Krabbe
Fecha de publicación, distribución, etc. 1858
300 ## - DESCRIPCIÓN FÍSICA
Extensión 5 v.
Dimensiones 19 cm.
500 ## - NOTA GENERAL
Nota general Es un viaje por España, en especial por Castilla, descrito con mucha fantasía por el autor, en el cual se notan reminiscencias del libro cervantino. Tela Lúdovik Osterc
500 ## - NOTA GENERAL
Nota general Estado físico : Firma en la guarda
500 ## - NOTA GENERAL
Nota general QMB104
546 ## - NOTA DE LENGUA/LENGUAJE
Nota de lengua/lenguaje Texto en : alemán
650 14 - PUNTO DE ACCESO ADICIONAL DE MATERIA--TÉRMINO DE MATERIA
Término de materia o nombre geográfico como elemento de entrada Novela española
Subdivisión cronológica Época clásica, 1500-1700
9 (RLIN) 215
650 14 - PUNTO DE ACCESO ADICIONAL DE MATERIA--TÉRMINO DE MATERIA
Término de materia o nombre geográfico como elemento de entrada Literatura española
Subdivisión cronológica Época clásica, 1500-1700
9 (RLIN) 216
650 14 - PUNTO DE ACCESO ADICIONAL DE MATERIA--TÉRMINO DE MATERIA
Término de materia o nombre geográfico como elemento de entrada Novela española
Subdivisión cronológica Siglo XVII
9 (RLIN) 217
650 14 - PUNTO DE ACCESO ADICIONAL DE MATERIA--TÉRMINO DE MATERIA
Término de materia o nombre geográfico como elemento de entrada Don Quijote (Personaje ficticio)
Término indicativo de función/relación Novela
9 (RLIN) 218
740 0# - PUNTO DE ACCESO ADICIONAL--TÍTULO RELACIONADO O ANALÍTICO NO CONTROLADO
Título relacionado o analítico no controlado El Ingenioso Hidalgo Don Quijote de la Mancha
902 ## - CATALOGADOR
Iniciales QFM
942 ## - ELEMENTOS DE PUNTO DE ACCESO ADICIONAL (KOHA)
Fuente del sistema de clasificación o colocación Library of Congress Classification
Tipo de ítem Koha Libros
Holdings
Estado de retiro Estado de pérdida Estado dañado No para préstamo Localización permanente Ubicación/localización actual Fecha de adquisición Número de inventario Total de préstamos Signatura topográfica completa Código de barras Fecha visto por última vez Precio válido a partir de Tipo de ítem Koha
El ejemplar forma parte de la colección y puede ser consultado según las políticas vigentes.       Biblioteca del Museo Franz Mayer (Rogerio Casas-Alatriste) Biblioteca del Museo Franz Mayer (Rogerio Casas-Alatriste) 15/04/2009 QMB104   746 .H33 1858 (QMB104) 3454 22/03/2019 22/03/2019 Libros